000 00899nam a22002417a 4500
005 20120109104445.0
008 120109t xxu||||| |||| 00| 0 eng d
010 _aENG-104643
020 _a9789350514887
_c225.00
035 _aEN-88176
037 _bDBAD/PUB
040 _aDPL
_bEng
082 _a657.7
100 _aRoy, Partho Pratim
_938539
245 _aBusiness communication :
_cby Partho Pratim Roy
_bthe basics /
260 _aNew Delhi
_bHimalaya Publishing House
_c2012
270 _aPooja Apartments, 4-B, Murari Lal Street, Ansari Road, Darya Ganj,
_bNew Delhi
_e110002
300 _axxx,237p.
_c24cm(pbk)
500 _aIncludes bibliographical references
700 _938540
942 _2ddc
_cEN
_h657.7
_mROY
999 _c60484
_d60484